书目信息 |
| 题名: |
CAD/CAM实训图集
|
|
| 作者: | 赵里宏 , 刘依星 主编 | |
| 分册: | ||
| 出版信息: | 广州 华南理工大学出版社 2006.09 |
|
| 页数: | 168页 | |
| 开本: | 26cm | |
| 丛书名: | ||
| 单 册: | ||
| 中图分类: | TP391.72 | |
| 科图分类: | ||
| 主题词: | 计算机辅助制造--ji suan ji fu zhu zhi zao--职业技术教育--习题 , 计算机辅助设计--ji suan ji fu zhu she ji--职业技术教育--习题 | |
| 电子资源: | ||
| ISBN: | 978-7-5623-2492-8 | |
| 000 | 01038nam0 2200265 450 | |
| 001 | 012007023653 | |
| 005 | 20071228151800.68 | |
| 010 | @a978-7-5623-2492-8@dCNY20.00 | |
| 100 | @a20071228d2006 km y0chiy0120 ea | |
| 101 | 0 | @achi |
| 102 | @aCN@b440000 | |
| 105 | @aa a 000yy | |
| 106 | @ar | |
| 200 | 1 | @aCAD/CAM实训图集@ACAD/CAM shi xun tu ji@f赵里宏, 刘依星主编@Fzhao li hong,liu yi xing zhu bian |
| 210 | @a广州@c华南理工大学出版社@d2006.09 | |
| 215 | @a168页@c图@d26cm | |
| 320 | @a有书目 (第168页) | |
| 330 | @a本书提供CAD/CAM实战演练的习题集,涵盖冲压模具、塑胶模具等产品的设计和数控加工实例两大模块内容。书中的典型实例,既有基本作图方法的练习,也有应用技巧以及难度较大的曲面造型练习。 | |
| 606 | 0 | @a计算机辅助制造@Aji suan ji fu zhu zhi zao@x职业技术教育@j习题 |
| 606 | 0 | @a计算机辅助设计@Aji suan ji fu zhu she ji@x职业技术教育@j习题 |
| 690 | @aTP391.72@v4 | |
| 701 | 0 | @a赵里宏@Azhao li hong@4主编 |
| 701 | 0 | @a刘依星@Aliu yi xing@4主编 |
| 801 | 0 | @aCN@bQSSK@c20071228 |
| 905 | @b273475-76@dTP391.72@eZ312@f2 | |
| CAD/CAM实训图集/赵里宏, 刘依星主编.-广州:华南理工大学出版社,2006.09 |
| 168页:图;26cm |
| ISBN 978-7-5623-2492-8:CNY20.00 |
| 本书提供CAD/CAM实战演练的习题集,涵盖冲压模具、塑胶模具等产品的设计和数控加工实例两大模块内容。书中的典型实例,既有基本作图方法的练习,也有应用技巧以及难度较大的曲面造型练习。 |
| ● |
| 相关链接 |
|
|
|
正题名:CAD/CAM实训图集
索取号:TP391.72/Z312
 
预约/预借
| 序号 | 登录号 | 条形码 | 馆藏地/架位号 | 状态 | 备注 |
| 1 | 273475 | 202734755 | 自科库301/301自科库 112排2列1层/ [索取号:TP391.72/Z312] | 在馆 | |
| 2 | 273476 | 202734764 | 自科库301/301自科库 112排2列1层/ [索取号:TP391.72/Z312] | 在馆 |